000 01167nam a22002417a 4500
001 6182
003 FISKH
005 20250324162553.0
008 250324b cb ||||| |||| 00| 0 eng d
020 _a9780340846858
040 _aFISKH
_beng
_cFISKH
_dFISKH
050 _aPZ7
082 _a937
100 _aHodgson, Chris
245 _aThe Roman empire :
_bHodder history /
_cBy Chris Hodgson
250 _aFirst published 2002
260 _aLondon :
_bHodder Education ;
_c2002.
300 _a46 pages :
_bcolor illustrations, maps ;
_c28 cm .
520 _aHodder History helps you teach history the way you want to teach it. The Roman peoples, their world, their issues and the events that defined their times are the focus topics of this new text. The Roman Empire is an essential and unique resource for teaching and learning about the issues and events that characterise the history of the Roman peoples and their world. It never lets go of the period's story, providing innovative and exciting opportunities to examine the big picture and Investigate particular topics.
650 _aRoman Empire
_vNon-fiction
942 _2ddc
_cBK
_n0
999 _c6182
_d6182